| 000 | 00577nam a2200193Ia 4500 | ||
|---|---|---|---|
| 003 | IN-BaIIA | ||
| 008 | 211028s9999 xx 000 0 eng d | ||
| 020 | _a81-7371-187-9 | ||
| 040 | _cIIA Library | ||
| 080 |
_a[8]:01:00 _bNEW |
||
| 100 |
_aNewton, David E. _923359 |
||
| 245 | 0 |
_aLinus Pauling _bscientist and advocate _cDavid. E. Newton |
|
| 260 |
_aHyderabad _bUniversities Press _c1999 |
||
| 300 | _a136p. | ||
| 490 | _aMakers of Modern Science | ||
| 650 |
_abiography _91224 |
||
| 650 | _ascientists-biography | ||
| 942 | _cBK | ||
| 999 |
_c13318 _d13318 |
||